000 00511nam a2200169Ia 4500
999 _c20119
_d20119
003 OSt
005 20200624151405.0
008 190216s9999||||xx |||||||||||||| ||und||
020 _a8120201868
040 _coclc
082 _a954.030924
_bSHA/M
100 _aShakir, Moin
_93211
245 0 _aMuslims And Indian National Congress /
_cMoin Shakir
260 _bAjantha Publications India,
_c1987.
_aNew Delhi:
300 _a84p
942 _cBK
_2ddc
_h954.030924
_iSHA/M
_k954.030924
_mSHA/M